000 00543nam a22002057a 4500
003 0
005 20260116113503.0
008 260116b xxu||||| |||| 00| 0 eng d
020 _a978-981-09-1917-7
050 _aFIC
_bSt1 2015
082 _aFIC
_bSt1 2015
100 _aWheeler, Alex
245 _aFirefight
_cAlex Wheeler
260 _aNew York, NY :
_bScholastic Inc.,
_c2015.
300 _a153 pages ;
_c20 cm.
440 _aStar wars Rebel Force
_v4
650 _aStar wars fiction.
650 _aJuvenile fiction.
942 _2ddc
_cBK
999 _c368718
_d368718